000 00185 a2200097 4500
020 _a9780545103824
041 _aeng
100 _aLadewski, Paul
245 _aPower players
942 _cBK
999 _c29812
_d29810